| 000 | 02252cam a22005894i 4500 | ||
|---|---|---|---|
| 003 | PE-LiUPU | ||
| 005 | 20250811091808.0 | ||
| 008 | 160609s2012 gw r 000 0 eng d | ||
| 020 | _a9783438051400 | ||
| 020 |
_a9783438051554 _q (flexicover schwarz/black) |
||
| 020 |
_a3438051559 _q (flexicover schwarz/black) |
||
| 020 |
_a9783438051561 _q (blau/black) |
||
| 035 | _a(Sirsi) a157154 | ||
| 040 |
_aPE-LiUPU _bspa _cPE-LiUPU _erda |
||
| 049 | _aPRUA | ||
| 082 | 0 | 4 |
_a225.48 _bN945 _221 |
| 245 | 1 | 0 |
_aNovum Testamentum Graece : _cBased on the work of Eberhard and Erwin Nestle / _beditado por Kurt Aland, Johanenes Karavidopoulos, Carlo M. Martini, Bruce M. Metzger |
| 250 | _aVigésimo octava edición, revisada. | ||
| 264 | 1 |
_aStruttgart, Alemania : _bDeutsche Bibelgesellschaft, _c2012. |
|
| 300 |
_a890 páginas ; _c18 centímetros |
||
| 336 |
_atext _2rdacontent |
||
| 337 |
_aunmediated _2rdamedia |
||
| 338 |
_avolume _2rdacarrier |
||
| 526 | _aSEG42 | ||
| 526 | _aSEG41 | ||
| 526 | _aSEG40 | ||
| 526 | _aSEG39 | ||
| 526 | _aP94 | ||
| 526 | _aP87 | ||
| 526 | _aP86 | ||
| 526 | _aP85 | ||
| 526 | _aP77 | ||
| 526 | _aP76 | ||
| 526 | _aP35 | ||
| 630 | 1 | 4 |
_aBiblia. _pNuevo Testamento _lGriego _96316 _xVersión Nestlé. |
| 630 | 2 | 4 |
_aBiblia. _pNuevo Testamento _xCrítica textual. _96471 |
| 700 | 1 |
_aNestle, Eberhard, _d1851-1913 _etraductor. |
|
| 700 | 1 |
_aNestle, Erwin, _d1883-1972 _etraductor. |
|
| 700 |
_aKurt, Barbara, _etraductora. _96475 |
||
| 700 |
_aKurt, Aland, _eeditor. _96479 |
||
| 700 |
_aKaravidopoulos, Johannes, _eeditor. _96480 |
||
| 700 |
_aMartini, Carlo M. _eeditor. _96481 |
||
| 700 |
_aMetzger, Bruce M. _eeditor. _96482 |
||
| 910 | _ajck | ||
| 910 | _adbm | ||
| 942 |
_2ddc _cBK |
||
| 949 |
_wDEWEY _c1 _i73611 _lCCODEBUL1 _mBUL _p62.99 _r0 _sY _tBOOK _u2016-06-09 _xPOSGRADO _0COMPRA _o.STAFF. Colección Teología |
||
| 949 |
_a225.48 N45 2012 2 _wDEWEY _c1 _i73612 _lCCODEBUL1 _mBUL _p62.99 _r0 _sY _tBOOK _u2016-06-09 _xPOSGRADO _0COMPRA _o.STAFF. Colección Teología |
||
| 980 |
_818226 _gJaime Vilcazán Jefe de Análisis Documental |
||
| 999 |
_c9829 | 2 | 3 | 4 | 5 _d9829 |
||